Statistics for Top 10 most winning NFL teams since 2010

Click here to take the quiz!

General Stats

  • This quiz has been taken 71 times
  • The average score is 9 of 10

Answer Stats

Reg season record since 2010Answer% Correct
113-31 (.785)New England Patriots
100%
89-53-2 (.625)Green Bay Packers
92%
94-49-1 (.656)Pittsburgh Steelers
92%
84-60 (.583)Baltimore Ravens
91%
78-66 (.542)Philadelphia Eagles
91%
84-60 (.583)Kansas City Chiefs
88%
87-57 (.604)New Orleans Saints
86%
89-54-1 (.622)Seattle Seahawks
86%
82-62 (.569)Denver Broncos
84%
82-62 (.569)Atlanta Falcons
73%

Score Distribution

Percentile by Number Answered

Percent of People with Each Score

Your Score History

You have not taken this quiz